000 00300nam a2200109Ia 4500
008 220214s9999 xx 000 0 und d
245 0 _aSouthern Economist
260 _bSouthern Economist
_aBangalore
500 _aEnding Volume & Year: 5, 1966
500 _aStarting Volume & Year: 3, 1964
942 _cBJ
999 _c4193
_d4193